| 000 | 00727cab a2200241 4500 | ||
|---|---|---|---|
| 001 | WB3414-07 | ||
| 008 | 090401t1998 xxu||||| |||| 00| 0 eng d | ||
| 035 | _a(Sirsi) u85496 | ||
| 041 | _aeng | ||
| 245 | _aKey to regional success | ||
| 260 | _c1998 | ||
| 350 | _a0 | ||
| 490 |
_aFinancial Times _v6 April 1998, 8(1) |
||
| 520 | _aA study by the Henley Centre, predicts that regions which manage to develop cities with a world reputation will have the strongest economies in the 21st century. | ||
| 650 | _aECONOMIC PERFORMANCE | ||
| 650 | _aFUTURE | ||
| 650 | _aHENLEY CENTRE | ||
| 650 | _aREGIONAL DEVELOPMENT | ||
| 650 | _aWORLD CITIES | ||
| 690 | _aECONOMIC AND SOCIAL | ||
| 942 | _n0 | ||
| 948 | _c08/04/1998 | ||
| 999 |
_c53760 _d53760 |
||